| 000 | 01447nam a2200313 a 4500 | ||
|---|---|---|---|
| 001 | 0145 | ||
| 003 | DO-SdBPM | ||
| 005 | 20251016104112.0 | ||
| 007 | ta | ||
| 008 | 150120s2008 dr 000 spa d | ||
| 020 | _a9789945442557 | ||
| 040 |
_aDO-SdBPM _bspa _cBPMSU _erea _drda |
||
| 082 | 4 |
_aA863.08 _bC965e 2008 _222 |
|
| 245 | 0 | 0 |
_aCuentos de enredos y travesuras / _ceditora Carmen Rivera Izcoa; ilustrasión Rosario Núñez de Patruco _h |
| 260 | _c | ||
| 264 |
_aSanto Domingo: _bEditora Corripio, _c2008 |
||
| 300 |
_a103 pádinas : _bilustración ; _c24 cm. |
||
| 336 |
_atexto _btxt _2rdacontent |
||
| 337 |
_asin mediación _bn _2rdamedia |
||
| 338 |
_avolumen _bnc _2rdacarrier |
||
| 490 | 0 | _aCoedición Latinoamericana | |
| 505 | _aVenezuela : Tía zorra y los peces -- Bolivia : ¡No se oye! -- Perú : El zorro y el Cuy -- México : Fanciquio -- Puerto Rico : Los siento pero no lo veo -- Chile : Antonio y el ladrón -- República Dominicana : El hombre que robó los chivos -- Brasil : La apuesta -- Nicaragua : La piedra de Cuapa -- Ecuador : El gigantón cabelludo : Colombia : Minisurumbullo y el dulce de Icaco -- Cuba : El león y el mosquito | ||
| 590 | _aInventariado, 2023/VM | ||
| 650 |
_aCuentos Infantiles latinoamericanos _vColecciones |
||
| 700 | 1 |
_aRivera Izcoa, Carmen _eeditora |
|
| 700 | 1 |
_aNúñez de Patruco, Rosario _eilustración |
|
| 910 | _aVMateo V. Control de calidad. BPMSU | ||
| 942 |
_2ddc _cBK |
||
| 999 |
_c15453 _d15453 |
||